Kurt Vonnegut novels by opening lines Quiz Stats

Quiz not verified by Sporcle

Challenge
Share
Tweet
Score 0/11 Timer 03:00
0 Plays Today
% Correct
Slaughterhouse Five
82.9%
Breakfast of Champions
52%
Cat's Cradle
44.7%
Mother Night
44.7%
Player Piano
40.7%
Hocus Pocus
30.1%
Palm Sunday
29.3%
Jailbird
23.6%
Dead-eye Dick
22.8%
Slapstick
20.3%
The Sirens of Titan
19.5%

You're not logged in!

Compare scores with friends on all Sporcle quizzes.
Join for Free
OR
Log In

You Might Also Like...

Show Comments

Extras

Top Quizzes Today


Score Distribution

Your Account Isn't Verified!

In order to create a playlist on Sporcle, you need to verify the email address you used during registration. Go to your Sporcle Settings to finish the process.

Report this User

Report this user for behavior that violates our Community Guidelines.

Details: